000 05291 a2200565 4500
005 20090520123254.0
008 090520t xxu||||| |||| 00| 0 eng d
010 _aENG-89336 B-309398-408 B-452498-504
020 _c215.00
_a812503451X
020 _c215.00
_a9788125034513
035 _aEN-72869
035 _aB-309398-408 B-452498-504
035 _aB-359118
037 _bDBAD /PUB
037 _bPansy Books
037 _bVirtuous Pub/Ven
040 _adpl
_bEnglish
082 _a954.11
100 _aPuri, Balraj
_941985
245 _aKashmir:
_cby Balraj Puri
_binsurgency and after /
250 _a3rd ed
260 _aNew Delhi
_bOrient Longman
_c2008
270 _a1/24, Asaf Ali Road,
_bNew Delhi
_e110002
_mdelgeneral@orientlongman.com
_cDelhi
300 _aix, 158 p.
_c22cm(pbk)
500 _aIncludes bibliographical references
942 _adpl
_cEN
_2ddc
_h954.11
_mPUR
999 _c10494
_d10494